| 000 | 00622nam a22001815i 4500 | ||
|---|---|---|---|
| 001 | 167936 | ||
| 003 | ES-MaACL | ||
| 005 | 20230906213628.0 | ||
| 008 | 960307m18461849fr |||| | fre d | ||
| 040 |
_aEUS _bspa _cEUS |
||
| 100 | 1 |
_aWillm, Joseph. _9133936 |
|
| 245 | 1 | 0 |
_aHistoire de la philosophie allemande depuis Kant jusqu'a Hegel / _cpar J. Willm. |
| 260 |
_aParis : _bLibrairie Philosophique de Ladrange, _c1846-1849 ( _eStrasbourg : _fImprimerie de G. Silbermann) |
||
| 300 |
_a4 v. ; _c22 cm. |
||
| 597 | _aSignaturizado numéricamente. | ||
| 597 | _aAntep. | ||
| 852 |
_aES-MaACL _jF-10445-48 _z-- Enc. pasta |
||
| 999 |
_c167936 _d167936 |
||